1587 1816 1070 1116 1425 1226 1200 1210 1221 1956 1039 1489 1178 1740 1321 1924 1994 1638 1751 1826 1765 1823 1547 1081 1657 1042 1166 1827 1157 1292 1615 1386 1956 1674 1777 1883 1551 1507 1739 1866 1626 1091 1439 1136 1485 1074 1644 1709 1483 1305 1882 1802 1893 1530 1897 1026 1303 1315 1037 1339 1881 1623 1874 1123 1715 1617 1616 1029 1727 1141 1955 1146 1286 2000 1914 1846 1753 1319 1801 1983 1872 1112 1016 1997 1701 1366 1306 1913 1976 1916 1251 1684 1230 1629 1445 1545 1209 1804 1799 BCNSPRNW ULIB Ver.6.0+V

เปลี่ยนเป็นภาษาไทย

Change to English
 แสดงรายละเอียดบรรณานุกรม
  กลับหน้าหลัก

Brief Record : Get Marc (ISO 2709) : E-mail record : QR code < ปิดหน้าต่าง
LEADER : 00000nam 2200000uu 4500
001    13399114432
003     ULIB
008    110627s||||||||th 000 0 tha d
020    974319497
098    นว.^bม162ต
100 0  มนันยา
245 00 ตกโลงปลงใจ/^cมนันยา
250    พิมพ์ครั้งที่ 1
260    กรุงเทพฯ :^bสามสี,^c2544
300    254 หน้า
710 1  สามสี
945    ^p100^l0^i031542
995    ทศพร
999 ^a ใช้งานได้ทุกระบบ
รายการนี้ยังไม่มีแท็ก
คุณยังไม่ได้ล็อกอิน คุณสามารถมีกิจกรรมร่วมกับเว็บไซต์ได้ แต่ต้องล็อกอินก่อน ::
  ล็อกอิน

รายการสื่อสารสนเทศ

ลำดับที่ ประเภท เลขเรียก/บาร์โค้ด สถานที่ สถานะ
1. นวนิยาย
นวนิยาย
 ฉ.1 
  Barcode: 031542
ห้องสมุดวิทยาเขตสวรรค์ประชารักษ์
►นวนิยาย
บนชั้น
  ขอยืม

รายการใกล้เคียง
    ผู้แต่ง [มนันยา]

BibComment


ยังไม่เคยถูกคอมเมนท์

คอมเมนท์ทรัพยากรรายการนี้
  คอมเมนท์: ตกโลงปลงใจ มนันยา


 Copyright 2026. Bcnsprnw @Library